Šance našich firiem

Bibliographic Details
Main Authors: Hudec, Marián (Author, Interviewer), Szabo, Stanislav, 1970- (Author)
Format: Article
Language:Slovak
ISSN:1336-9857
Subjects:

MARC

LEADER 00000nab a2200000 ar4500
001 vtls009302376
003 SK-MaSNL
005 20260426072558.0
008 080609c2008 xo mr|p|||||||000 b|slo
015 |a SNBRB2008/06  |2 snkbucl 
038 |a SNKBUCL 
040 |a SNKBUCL  |b slo  |c SNKBUCL  |e AACR2 
041 0 |a slo 
044 |a xo  |c SK 
080 |a 338.45:623.4  |x (437.6)  |2 2001 
080 |a 623.4:061.5  |x (437.6)  |2 2001 
100 1 |a Hudec, Marián  |4 ivr  |4 aut  |9 499189 
245 1 0 |a Šance našich firiem  |c [rozhovor so] Stanislavom Szabom [pripravil] Marián Hudec 
650 0 7 |a obranný priemysel  |2 snkbucl  |9 72983 
650 0 7 |a slovenské firmy  |2 snkbucl  |9 1329226 
651 7 |a Slovensko  |2 snkbucl  |9 14231 
700 1 |a Szabo, Stanislav,  |d 1970-  |4 ive  |4 aut  |9 132391 
773 0 |t Revue priemyslu  |g Č. 6 (2008), s. 62-63  |x 1336-9857 
852 |a SNK  |b KIS3GCP 
958 |a SK 
999 |c 2690113  |d 2692043